[Event "XXII Campeonato de España de l"]
[Site "Benidorm (Alicante-España)"]
[Date "2010.11.16"]
[Round "3"]
[White "Parreño Cueto, Andres"]
[Black "Aguilar Sevilla, Diego"]
[Result "0-1"]
[WhiteElo "1816"]
[BlackElo "2123"]
[PlyCount "82"]
[EventDate "2010.11.14"]
[EventRounds "8"]
[EventCountry "ESP"]

1. d4 Nf6 2. c4 c5 3. d5 b5 4. Nd2 bxc4 5. e4 c3 6. bxc3 g6 7. f4 d6 8. Ngf3
Bg7 9. Bb2 c4 10. Qa4+ Nbd7 11. Nxc4 Nxe4 12. Qc2 Nef6 13. O-O-O Nc5 14. Ne3
Bd7 15. Nd4 O-O 16. Bc4 Qc7 17. Qe2 Na4 18. Nc6 Bxc6 19. dxc6 Rab8 20. Rd2 Qxc6
21. Qd3 e6 22. Ba1 d5 23. Bb3 Rfc8 24. Rf1 Nc5 25. Qc2 a5 26. c4 a4 27. cxd5
axb3 28. dxc6 bxc2 29. Be5 Rb1+ 30. Kxc2 Rxf1 31. c7 Nd5 32. Nxd5 Bxe5 33. Ne7+
Kf8 34. Nxc8 Bxc7 35. g3 Ba5 36. Re2 Ra1 37. Kb2 Rd1 38. Kc2 Rd7 39. Kb1 Na4
40. Re3 Nc3+ 41. Kb2 Nd1+ 0-1

[Event "XXII Campeonato de España de l"]
[Site "Benidorm (Alicante-España)"]
[Date "2010.11.16"]
[Round "3"]
[White "Garcia Cervigon, Juan Pablo"]
[Black "Olivera Gutierrez, Albert"]
[Result "0-1"]
[WhiteElo "1795"]
[BlackElo "2073"]
[PlyCount "58"]
[EventDate "2010.11.14"]
[EventRounds "8"]
[EventCountry "ESP"]

1. d4 b5 2. e4 Bb7 3. Bd3 e6 4. Be3 Nf6 5. f3 Be7 6. Ne2 a6 7. O-O d6 8. Nd2 c5
9. c4 bxc4 10. Nxc4 d5 11. e5 dxc4 12. exf6 Bxf6 13. Bxc4 cxd4 14. Bxd4 O-O 15.
Kh1 Nc6 16. Bc3 Bxc3 17. Nxc3 Qh4 18. b3 Rad8 19. Qe1 Qh6 20. Qg3 Nd4 21. Rad1
Nf5 22. Qc7 Rb8 23. Rf2 Qe3 24. Rc2 Nd4 25. Rcd2 Nxf3 26. Qxb8 Nxd2 27. Qxb7
Qxc3 28. Qxa6 Ne4 29. Rf1 Qe3 0-1

[Event "XXII Campeonato de España de l"]
[Site "Benidorm (Alicante-España)"]
[Date "2010.11.16"]
[Round "3"]
[White "Garcia Magadan, Ramon"]
[Black "Martinez Colomar, Alejandro"]
[Result "1-0"]
[WhiteElo "2069"]
[BlackElo "1790"]
[PlyCount "71"]
[EventDate "2010.11.14"]
[EventRounds "8"]
[EventCountry "ESP"]

1. e4 e5 2. Nf3 Nc6 3. Bb5 a6 4. Ba4 Bb4 5. c3 Ba5 6. O-O d6 7. h3 Bd7 8. d3 h6
9. Nbd2 Nf6 10. Bc2 O-O 11. Nc4 Re8 12. Re1 Be6 13. Nxa5 Nxa5 14. d4 exd4 15.
cxd4 d5 16. e5 Nd7 17. Qd3 Nf8 18. Nh2 Nc6 19. Bd2 Ne7 20. g4 g5 21. f4 gxf4
22. Bxf4 Kg7 23. Qe3 Ng8 24. Nf3 Ng6 25. Bg3 Rc8 26. Qf2 Qe7 27. Nh4 c5 28.
Nf5+ Bxf5 29. gxf5 Qg5 30. fxg6 fxg6 31. dxc5 Rxc5 32. Kh2 Rec8 33. Bd3 Ne7 34.
Qf6+ Qxf6 35. exf6+ Kxf6 36. Bd6 1-0

[Event "XXII Campeonato de España de l"]
[Site "Benidorm (Alicante-España)"]
[Date "2010.11.16"]
[Round "3"]
[White "Sanchez Ruiz, Justo"]
[Black "Menendez Solar, Jose Carlos"]
[Result "1-0"]
[WhiteElo "1772"]
[BlackElo "1888"]
[PlyCount "55"]
[EventDate "2010.11.14"]
[EventRounds "8"]
[EventCountry "ESP"]

1. e4 e6 2. d4 d5 3. e5 c5 4. c3 Nc6 5. Nf3 Bd7 6. a3 c4 7. Nbd2 Na5 8. g3 Bc6
9. h4 h5 10. Bh3 Qd7 11. Ng5 g6 12. O-O Nh6 13. Re1 O-O-O 14. Rb1 Ba4 15. Qf3
Be7 16. b4 cxb3 17. Bb2 b5 18. Qf4 Nc4 19. Nxc4 bxc4 20. Re3 Rdf8 21. Rf3 Nf5
22. Re1 f6 23. exf6 Rxf6 24. Qe5 Re8 25. Nxe6 Bd8 26. Rxf5 Rfxe6 27. Rf7 Rxe5
28. Bxd7+ 1-0

[Event "XXII Campeonato de España de l"]
[Site "Benidorm (Alicante-España)"]
[Date "2010.11.16"]
[Round "3"]
[White "Rubio Mancebon, Pedro Jose"]
[Black "Llaneras Henarejos, Miguel"]
[Result "1/2-1/2"]
[WhiteElo "1875"]
[BlackElo "1687"]
[PlyCount "77"]
[EventDate "2010.11.14"]
[EventRounds "8"]
[EventCountry "ESP"]

1. d4 g6 2. c4 Bg7 3. Nc3 d6 4. e4 Nf6 5. Nf3 O-O 6. h3 Nbd7 7. Be3 e5 8. d5
Ne8 9. g4 a5 10. Nd2 Nc5 11. Rg1 h6 12. Qc2 c6 13. O-O-O Bd7 14. Kb1 cxd5 15.
cxd5 Nc7 16. Rc1 b5 17. Bxc5 dxc5 18. d6 Ne6 19. Bxb5 Nd4 20. Qd3 Rb8 21. Bxd7
Qxd7 22. Nc4 Rfc8 23. Nd5 Rd8 24. f3 Qb5 25. Rgd1 Rxd6 26. Rd2 Rdd8 27. Na3 Qb7
28. Nc4 Qb5 29. Na3 Qb7 30. Nc4 Qb5 31. Na3 Qb7 32. Nc4 Qb5 33. Ka1 a4 34. Kb1
Kh8 35. Na3 Qc6 36. Rc4 Rd7 37. Nc3 Rb4 38. Nd5 Rb8 39. Rc1 1/2-1/2

[Event "XXII Campeonato de España de l"]
[Site "Benidorm (Alicante-España)"]
[Date "2010.11.16"]
[Round "3"]
[White "Pimienta Sanchez, Manuel"]
[Black "Sanz Garcia, Ramon"]
[Result "1-0"]
[WhiteElo "1856"]
[BlackElo "1628"]
[PlyCount "43"]
[EventDate "2010.11.14"]
[EventRounds "8"]
[EventCountry "ESP"]

1. d4 Nf6 2. c4 g6 3. Nc3 Bg7 4. e4 d6 5. h3 O-O 6. Be3 e5 7. Nge2 Re8 8. d5 c6
9. Ng3 Nbd7 10. dxc6 Nc5 11. Bxc5 dxc5 12. Qxd8 Rxd8 13. cxb7 Bxb7 14. Nd5 Ne8
15. Bd3 Rab8 16. Rb1 a5 17. O-O Rd7 18. Ne2 Nd6 19. Nec3 Ba6 20. b3 Rdb7 21.
Na4 Bxc4 22. bxc4 1-0

[Event "XXII Campeonato de España de l"]
[Site "Benidorm (Alicante-España)"]
[Date "2010.11.16"]
[Round "3"]
[White "Carrazzoni Roman, Carlos"]
[Black "Mejias Gonzalez, Javier"]
[Result "1/2-1/2"]
[WhiteElo "1769"]
[BlackElo "1941"]
[PlyCount "95"]
[EventDate "2010.11.14"]
[EventRounds "8"]
[EventCountry "ESP"]

1. d4 Nf6 2. Nf3 g6 3. g3 Bg7 4. Bg2 c6 5. a4 d6 6. a5 Na6 7. O-O O-O 8. Ra3
Bf5 9. Bd2 Qc8 10. Re1 Bh3 11. Bh1 Ne4 12. Bf4 h6 13. c3 g5 14. Bc1 Nc7 15.
Nfd2 Nf6 16. Ne4 Ncd5 17. Nxf6+ Nxf6 18. Nd2 d5 19. e4 dxe4 20. Nxe4 Nd7 21. f3
Bf5 22. Nf2 e5 23. Be3 Rd8 24. Ne4 Qc7 25. Qe2 Bg6 26. Qc4 Rac8 27. Qe2 f5 28.
Nf2 f4 29. Bc1 fxg3 30. hxg3 exd4 31. f4 Re8 32. Qf1 Rxe1 33. Qxe1 Re8 34. Qf1
Qd6 35. cxd4 Qb4 36. Re3 Bxd4 37. Rxe8+ Bxe8 38. fxg5 Ne5 39. gxh6 Ng4 40. h7+
Kh8 41. Qe2 Qf8 42. Bf4 Bh5 43. Bf3 Qf5 44. Bxg4 Bxf2+ 45. Kxf2 Bxg4 46. Qe8+
Kxh7 47. Qe7+ Kg8 48. Qe8+ 1/2-1/2

[Event "XXII Campeonato de España de l"]
[Site "Benidorm (Alicante-España)"]
[Date "2010.11.16"]
[Round "3"]
[White "Gutierrez Garcia, Julio"]
[Black "Fuster Agullo, Juan"]
[Result "1-0"]
[WhiteElo "1654"]
[BlackElo "1799"]
[PlyCount "147"]
[EventDate "2010.11.14"]
[EventRounds "8"]
[EventCountry "ESP"]

1. c4 e5 2. Nc3 Ne7 3. d3 d5 4. b3 Nbc6 5. g3 dxc4 6. bxc4 Nf5 7. Nf3 h6 8. Bg2
g6 9. Rb1 Bg7 10. e4 Nfd4 11. Ba3 b6 12. O-O Nxf3+ 13. Bxf3 Nd4 14. Bg2 c5 15.
Qd2 Bh3 16. f4 Bxg2 17. Kxg2 Nc6 18. f5 gxf5 19. Rxf5 Ne7 20. Rf2 Qd7 21. Rbf1
Rf8 22. Qe2 Qe6 23. Nd5 Nxd5 24. cxd5 Qg6 25. Rf5 O-O-O 26. Qc2 Rd7 27. Bb2 Re8
28. Qa4 Ree7 29. Qc4 Rd6 30. a4 Kb7 31. Ba3 Rc7 32. Rb1 Ka8 33. Qb5 f6 34. a5
Qf7 35. Qa6 Rb7 36. axb6 Rdxb6 37. Rxb6 Rxb6 38. Qc8+ Rb8 39. Qc6+ Qb7 40.
Qxb7+ Rxb7 41. Bxc5 Rc7 42. Bf2 a5 43. Bb6 Rc3 44. Bxa5 Rxd3 45. Rf3 Rd4 46.
Re3 f5 47. Bb6 Rd2+ 48. Kf3 Kb7 49. Ba5 fxe4+ 50. Kxe4 Rd4+ 51. Kf5 Rxd5 52.
Bc3 Kc6 53. Bxe5 Kd7 54. Kf4 Bxe5+ 55. Rxe5 Rd2 56. h4 Kd6 57. Rh5 Rf2+ 58. Kg4
Rf6 59. Rf5 Rg6+ 60. Kh3 Ke7 61. g4 Rf6 62. Re5+ Kf7 63. Rf5 Rxf5 64. gxf5 Kf6
65. Kg4 h5+ 66. Kf4 Kg7 67. Kg5 Kf7 68. Kxh5 Kf6 69. Kg4 Kg7 70. Kg5 Kf7 71. f6
Kg8 72. Kg6 Kh8 73. Kf7 Kh7 74. Ke7 1-0

[Event "XXII Campeonato de España de l"]
[Site "Benidorm (Alicante-España)"]
[Date "2010.11.16"]
[Round "3"]
[White "Espadina Solano, Jaime E"]
[Black "Suarez Hernandez, Francisco"]
[Result "1/2-1/2"]
[WhiteElo "1895"]
[BlackElo "1658"]
[PlyCount "91"]
[EventDate "2010.11.14"]
[EventRounds "8"]
[EventCountry "ESP"]

1. e4 e6 2. d3 c5 3. g3 a6 4. a4 b6 5. Bg2 Bb7 6. Nf3 Nc6 7. Nbd2 Qc7 8. O-O
Nf6 9. Re1 d6 10. c3 Be7 11. Nf1 O-O 12. Qc2 Ng4 13. d4 e5 14. h3 Nf6 15. d5
Na7 16. Ne3 b5 17. Nf5 Bd8 18. N3h4 g6 19. Nh6+ Kg7 20. Qd2 Ng8 21. Nxg8 Kxg8
22. Nf3 Bf6 23. Qh6 Bg7 24. Qh4 f6 25. g4 Qd7 26. axb5 Nxb5 27. Qg3 Bc8 28. Bf1
Nc7 29. Nd2 Rb8 30. Nc4 Na8 31. Bd3 Nb6 32. f4 exf4 33. Bxf4 Nxc4 34. Bxc4 Rb6
35. Ra2 g5 36. Bd2 Qb7 37. b3 Bd7 38. Rea1 Ra8 39. h4 h6 40. hxg5 fxg5 41. Qg2
Qc8 42. Be2 Be5 43. Qh3 Bg7 44. Kg2 Qb7 45. Bc4 Bb5 46. Bxb5 1/2-1/2

[Event "XXII Campeonato de España de l"]
[Site "Benidorm (Alicante-España)"]
[Date "2010.11.16"]
[Round "3"]
[White "Amores Cano, Victor"]
[Black "Martinez Perez, Carlos"]
[Result "1/2-1/2"]
[WhiteElo "1777"]
[BlackElo "1619"]
[PlyCount "83"]
[EventDate "2010.11.14"]
[EventRounds "8"]
[EventCountry "ESP"]

1. e4 c5 2. Nc3 Nc6 3. f4 d6 4. Bc4 g6 5. Nf3 Bg7 6. O-O e6 7. Qe1 Nge7 8. d3
O-O 9. Kh1 Na5 10. Bb3 Nxb3 11. axb3 Re8 12. Ng5 h6 13. Nf3 d5 14. e5 a6 15.
Nb5 Rb8 16. Nd6 Rf8 17. Ra5 b6 18. Ra1 a5 19. Bd2 Nf5 20. Nxf5 exf5 21. Ng1 Re8
22. Rf3 f6 23. Qg3 Kf7 24. Re1 fxe5 25. fxe5 Re6 26. Nh3 Re7 27. Nf4 g5 28. Ne2
f4 29. Qf2 Kg8 30. Nc3 Bg4 31. g3 Bxf3+ 32. Qxf3 fxg3 33. hxg3 Re6 34. Qf5 Qe7
35. Nxd5 Qf7 36. Qxf7+ Kxf7 37. Rf1+ Kg6 38. Bc3 Rf8 39. Rxf8 Bxf8 40. Nc7 Rc6
41. Nd5 g4 42. e6 1/2-1/2

[Event "XXII Campeonato de España de l"]
[Site "Benidorm (Alicante-España)"]
[Date "2010.11.16"]
[Round "3"]
[White "Bravo De Los Santos, Francisco"]
[Black "Fernandez Cabello, Emilio"]
[Result "0-1"]
[WhiteElo "1877"]
[BlackElo "1758"]
[PlyCount "110"]
[EventDate "2010.11.14"]
[EventRounds "8"]
[EventCountry "ESP"]

1. e4 e6 2. d4 d5 3. e5 c5 4. c3 Qb6 5. a3 c4 6. Nd2 Nc6 7. Ngf3 Na5 8. g3 Bd7
9. Bh3 h6 10. O-O O-O-O 11. Ne1 Kb8 12. f4 g6 13. Ng2 Ne7 14. Ne3 Nc8 15. Qe2
Be7 16. Bg2 f6 17. exf6 Bxf6 18. Ng4 Bg7 19. Re1 Nc6 20. Nf3 Rdf8 21. Qf2 Ka8
22. Re2 Nd6 23. Nh4 Ne7 24. Be3 Ndf5 25. Nf3 Be8 26. Rae1 Rhg8 27. Bc1 Nc6 28.
Nge5 Bh8 29. g4 Nd6 30. Nxc6 Qxc6 31. Ne5 Qc7 32. Qg3 h5 33. h3 Nf7 34. Nf3 Bf6
35. Nd2 hxg4 36. hxg4 g5 37. Nf1 Qd8 38. Nh2 gxf4 39. Qxf4 Bg5 40. Qf3 Bxc1 41.
Rxc1 Ng5 42. Qg3 Qe7 43. Bxd5 Nh3+ 44. Qxh3 Qg5 45. Rce1 Qxd5 46. Re5 Qd8 47.
Qg3 Rf5 48. Qh3 Qg5 49. R5e2 Rf6 50. Rg2 Bd7 51. Qe3 Qg7 52. Qe5 Bc6 53. Rg3
Bd5 54. Rge3 Qh6 55. R3e2 Rxg4+ 0-1

[Event "XXII Campeonato de España de l"]
[Site "Benidorm (Alicante-España)"]
[Date "2010.11.16"]
[Round "3"]
[White "Garcia Andrinal, Antonio"]
[Black "Barroso Vilanova, Daniel"]
[Result "1-0"]
[WhiteElo "1757"]
[BlackElo "1570"]
[PlyCount "36"]
[EventDate "2010.11.14"]
[EventRounds "8"]
[EventCountry "ESP"]

1. e4 e5 2. Bc4 Nf6 3. d4 exd4 4. Nf3 Bb4+ 5. c3 dxc3 6. O-O O-O 7. Nxc3 Bxc3
8. bxc3 d6 9. e5 dxe5 10. Qb3 Nc6 11. Ng5 Qd7 12. Ba3 Na5 13. Qb4 Rd8 14. Qxa5
Qg4 15. Nxf7 Qxc4 16. Nxd8 Qd5 17. Qxc7 Nh5 18. Rfd1 Qxd1+ 1-0

[Event "XXII Campeonato de España de l"]
[Site "Benidorm (Alicante-España)"]
[Date "2010.11.17"]
[Round "4"]
[White "Desanjose Candalija, Eduardo"]
[Black "Zanoletty Garcia, David"]
[Result "1-0"]
[WhiteElo "2264"]
[BlackElo "1998"]
[PlyCount "57"]
[EventDate "2010.11.14"]
[EventRounds "8"]
[EventCountry "ESP"]

1. c4 e6 2. g3 d5 3. Bg2 Nf6 4. Nf3 Nbd7 5. d4 Bb4+ 6. Bd2 Be7 7. O-O O-O 8.
Qc2 b6 9. cxd5 exd5 10. Bf4 c5 11. Nc3 a6 12. Ne5 Bb7 13. dxc5 Nxc5 14. Rfd1
Ra7 15. Be3 Qc7 16. Nd3 Nce4 17. Rac1 Rc8 18. Qb3 Nc5 19. Nxc5 bxc5 20. Nxd5
Bxd5 21. Bxd5 Nxd5 22. Rxd5 Rb7 23. Qc2 Qc6 24. Rd3 Bf6 25. b3 Rb5 26. Qc4 Bb2
27. Rcd1 h6 28. Rd8+ Kh7 29. Qc2+ 1-0

[Event "XXII Campeonato de España de l"]
[Site "Benidorm (Alicante-España)"]
[Date "2010.11.17"]
[Round "4"]
[White "Draghici Flutur, Gavril"]
[Black "Palacios Perez, Manuel"]
[Result "1/2-1/2"]
[WhiteElo "2152"]
[BlackElo "2178"]
[PlyCount "44"]
[EventDate "2010.11.14"]
[EventRounds "8"]
[EventCountry "ESP"]

1. e4 e6 2. d4 d5 3. Nc3 dxe4 4. Nxe4 Bd7 5. Nf3 Bc6 6. Bd3 Nd7 7. O-O Ngf6 8.
Ng3 Be7 9. Qe2 Bxf3 10. Qxf3 c6 11. Re1 O-O 12. c3 Re8 13. h4 Nf8 14. h5 Qd5
15. Qe2 a5 16. a4 Qd8 17. Bd2 Nd5 18. Bc2 Bg5 19. Bxg5 Qxg5 20. Ne4 Qh6 21. Qf3
Red8 22. g3 Nf6 1/2-1/2

[Event "XXII Campeonato de España de l"]
[Site "Benidorm (Alicante-España)"]
[Date "2010.11.17"]
[Round "4"]
[White "Fernandez Lago, David"]
[Black "Lago Carballo, Carmen"]
[Result "1-0"]
[WhiteElo "2008"]
[BlackElo "1416"]
[PlyCount "65"]
[EventDate "2010.11.14"]
[EventRounds "8"]
[EventCountry "ESP"]

1. Nf3 d5 2. d4 Nf6 3. g3 Bf5 4. Bg2 c6 5. O-O e6 6. b3 Be7 7. Bb2 Nbd7 8. Nbd2
Ne4 9. c4 Nxd2 10. Nxd2 Nf6 11. f3 Bg6 12. e4 dxe4 13. fxe4 O-O 14. e5 Nh5 15.
g4 Bd3 16. gxh5 Bxf1 17. Nxf1 f6 18. Qg4 f5 19. Qf3 Rf7 20. Ng3 Ba3 21. Bc3 Bb4
22. Ne2 Bxc3 23. Qxc3 Qg5 24. Rf1 Qxh5 25. Nf4 Qg4 26. Nxe6 Re8 27. Nf4 g5 28.
Nh3 f4 29. Nf2 Qf5 30. Be4 Qe6 31. Qh3 Qe7 32. Ng4 Ref8 33. Nh6+ 1-0

[Event "XXII Campeonato de España de l"]
[Site "Benidorm (Alicante-España)"]
[Date "2010.11.17"]
[Round "4"]
[White "Septien Lopez, Valeriano"]
[Black "Fernandez Manrique, Agustin"]
[Result "0-1"]
[WhiteElo "1876"]
[BlackElo "2108"]
[PlyCount "54"]
[EventDate "2010.11.14"]
[EventRounds "8"]
[EventCountry "ESP"]

1. e4 e6 2. d4 d5 3. Bd3 dxe4 4. Bxe4 Nf6 5. Bf3 c5 6. Ne2 Nbd7 7. Nbc3 cxd4 8.
Nxd4 Bb4 9. O-O Ne5 10. Bf4 Nxf3+ 11. Qxf3 Bxc3 12. bxc3 Qd5 13. Qd3 Bd7 14. c4
Qe4 15. Bd6 Rd8 16. Rfe1 Qxd3 17. cxd3 Ba4 18. c5 Kd7 19. Rab1 Bc6 20. Nf5 Ne8
21. Ne7 Nxd6 22. cxd6 Kxd6 23. Nxc6 bxc6 24. Rb7 Rd7 25. Reb1 Rhd8 26. Kf1 c5
27. R7b2 Kc6 0-1

[Event "XXII Campeonato de España de l"]
[Site "Benidorm (Alicante-España)"]
[Date "2010.11.17"]
[Round "4"]
[White "Escalante Ortega, Fernando"]
[Black "Clemente Llamero, Roberto"]
[Result "1-0"]
[WhiteElo "1875"]
[BlackElo "2141"]
[PlyCount "59"]
[EventDate "2010.11.14"]
[EventRounds "8"]
[EventCountry "ESP"]

1. e4 c6 2. d4 d5 3. Nc3 dxe4 4. Nxe4 Bf5 5. Ng3 Bg6 6. h4 h6 7. Nh3 Nf6 8. Nf4
Bh7 9. Bc4 e6 10. O-O Bd6 11. Re1 O-O 12. c3 Qc7 13. Ngh5 Nxh5 14. Nxh5 Bg6 15.
Qg4 Bxh5 16. Qxh5 Bh2+ 17. Kh1 Bf4 18. Re4 Bxc1 19. Rxc1 Nd7 20. Qf3 Nf6 21.
Re2 Rad8 22. Rce1 b5 23. Bb3 a5 24. a3 b4 25. axb4 axb4 26. Ra1 c5 27. dxc5
Qxc5 28. c4 Rd4 29. g3 Rfd8 30. Ra8 1-0

[Event "XXII Campeonato de España de l"]
[Site "Benidorm (Alicante-España)"]
[Date "2010.11.17"]
[Round "4"]
[White "Aguilar Sevilla, Diego"]
[Black "Pimienta Sanchez, Manuel"]
[Result "1/2-1/2"]
[WhiteElo "2123"]
[BlackElo "1856"]
[PlyCount "79"]
[EventDate "2010.11.14"]
[EventRounds "8"]
[EventCountry "ESP"]

1. d4 g6 2. Nf3 Bg7 3. g3 c5 4. d5 d6 5. Bg2 Nf6 6. O-O b5 7. c4 bxc4 8. Nfd2
Nbd7 9. Nxc4 Nb6 10. Nbd2 Rb8 11. Na5 Nfxd5 12. Nc6 Qc7 13. Nxb8 Qxb8 14. a4 a5
15. Qb3 Nb4 16. Ne4 Bd7 17. Nc3 Be6 18. Qd1 O-O 19. Bg5 Re8 20. Rb1 Qc8 21. Re1
h6 22. Bc1 Nc4 23. e4 Ne5 24. Nd5 Bxd5 25. exd5 Ned3 26. Re3 Nxc1 27. Qxc1 Bd4
28. Re2 Kg7 29. Qc4 Qa6 30. b3 Bf6 31. Bf1 Qxc4 32. bxc4 Kf8 33. Rb3 Rb8 34. h3
Rb7 35. Kh2 Rc7 36. f4 Kg7 37. g4 g5 38. Kg3 Rb7 39. Bg2 gxf4+ 40. Kf3 1/2-1/2

[Event "XXII Campeonato de España de l"]
[Site "Benidorm (Alicante-España)"]
[Date "2010.11.17"]
[Round "4"]
[White "Olivera Gutierrez, Albert"]
[Black "Garcia Cervigon, Cecilio"]
[Result "1-0"]
[WhiteElo "2073"]
[BlackElo "1820"]
[PlyCount "23"]
[EventDate "2010.11.14"]
[EventRounds "8"]
[EventCountry "ESP"]

1. e4 d5 2. exd5 Qxd5 3. Nc3 Qa5 4. d4 c6 5. Nf3 Nf6 6. Bc4 Ne4 7. Ne5 e6 8.
Qf3 Nf6 9. O-O Nbd7 10. Re1 Bd6 11. Nxf7 Kxf7 12. Rxe6 1-0

[Event "XXII Campeonato de España de l"]
[Site "Benidorm (Alicante-España)"]
[Date "2010.11.17"]
[Round "4"]
[White "Sanchez Ruiz, Piedad Esmeralda"]
[Black "Garcia Magadan, Ramon"]
[Result "0-1"]
[WhiteElo "1861"]
[BlackElo "2069"]
[PlyCount "74"]
[EventDate "2010.11.14"]
[EventRounds "8"]
[EventCountry "ESP"]

1. e4 e5 2. Nf3 Nc6 3. Bb5 a6 4. Ba4 Nf6 5. d3 d6 6. c3 g6 7. O-O Bg7 8. Nbd2
O-O 9. Re1 b5 10. Bc2 Bb7 11. Nf1 Nb8 12. d4 Nbd7 13. d5 Nb6 14. b3 Qd7 15. Ne3
c6 16. c4 cxd5 17. cxd5 Rfc8 18. Bb2 Qe8 19. Rc1 Nbd7 20. Bb1 Rxc1 21. Bxc1 Nc5
22. Nf1 a5 23. Ng3 b4 24. Nd2 Ba6 25. Qf3 Nfd7 26. Bb2 h5 27. h3 Bh6 28. Ngf1
Qe7 29. Rd1 Qf6 30. Qxf6 Nxf6 31. f3 h4 32. Bc1 Kh7 33. Nc4 Bxc4 34. bxc4 Bxc1
35. Rxc1 Nh5 36. Kf2 Nf4 37. Rd1 a4 0-1

[Event "XXII Campeonato de España de l"]
[Site "Benidorm (Alicante-España)"]
[Date "2010.11.17"]
[Round "4"]
[White "Rodriguez Aguilera, Aurelio"]
[Black "Sanchez Ruiz, Justo"]
[Result "1-0"]
[WhiteElo "1982"]
[BlackElo "1772"]
[PlyCount "103"]
[EventDate "2010.11.14"]
[EventRounds "8"]
[EventCountry "ESP"]

1. d4 e6 2. c4 f5 3. Nf3 Nf6 4. Bg5 Be7 5. e3 O-O 6. Be2 b6 7. O-O Bb7 8. Nc3
Qe8 9. Bf4 d6 10. h3 Nbd7 11. Nb5 Bd8 12. Bxd6 cxd6 13. Nxd6 Qe7 14. Nxb7 Bc7
15. c5 bxc5 16. Nxc5 Nxc5 17. dxc5 Qxc5 18. Rc1 Qb6 19. Qd4 Rfd8 20. Qxb6 Bxb6
21. Bc4 Nd5 22. Rcd1 h6 23. Nd4 Bxd4 24. Rxd4 Rd6 25. Rfd1 Rad8 26. Bxd5 exd5
27. Ra4 R8d7 28. Ra5 Kf7 29. Rd4 a6 30. b4 Ke6 31. Rc5 g5 32. g4 Rf7 33. gxf5+
Rxf5 34. e4 Re5 35. exd5+ Rexd5 36. Rdxd5 Rxd5 37. Rxd5 Kxd5 38. Kg2 Kd4 39. a4
h5 40. Kf3 Kc4 41. b5 axb5 42. axb5 Kxb5 43. Ke4 Kc5 44. Kf5 g4 45. hxg4 hxg4
46. Kxg4 Kd6 47. Kf5 Ke7 48. Kg6 Kf8 49. Kf6 Kg8 50. f4 Kf8 51. f5 Kg8 52. Ke7
1-0

[Event "XXII Campeonato de España de l"]
[Site "Benidorm (Alicante-España)"]
[Date "2010.11.17"]
[Round "4"]
[White "Lopez Perez, Angel L"]
[Black "Monmeneu Chulia, Vicente Juan"]
[Result "0-1"]
[WhiteElo "1818"]
[BlackElo "1962"]
[PlyCount "70"]
[EventDate "2010.11.14"]
[EventRounds "8"]
[EventCountry "ESP"]

1. e4 e6 2. d4 d5 3. Nd2 Nf6 4. e5 Nfd7 5. c3 c5 6. Ngf3 b6 7. Bd3 Ba6 8. Qe2
Bxd3 9. Qxd3 Nc6 10. O-O Be7 11. Re1 Rc8 12. Nf1 cxd4 13. cxd4 Nb4 14. Qd1 Nc2
15. Rb1 Nxe1 16. Qxe1 O-O 17. Ng3 h6 18. Bd2 a5 19. a3 a4 20. h3 Rc4 21. Nf1 b5
22. Ne3 Rc6 23. Ng4 h5 24. Ngh2 f6 25. Bc3 Qe8 26. Qd2 Qg6 27. Re1 Rfc8 28. Re3
f5 29. Qe2 f4 30. Rd3 Bxa3 31. Nh4 Qh7 32. Qf3 Be7 33. g3 Rf8 34. Rd2 b4 35.
Re2 bxc3 0-1

[Event "XXII Campeonato de España de l"]
[Site "Benidorm (Alicante-España)"]
[Date "2010.11.17"]
[Round "4"]
[White "Fernandez Cabello, Emilio"]
[Black "Saez Gabikagogeaskoa, Oscar"]
[Result "0-1"]
[WhiteElo "1758"]
[BlackElo "1939"]
[PlyCount "34"]
[EventDate "2010.11.14"]
[EventRounds "8"]
[EventCountry "ESP"]

1. e4 c5 2. Nc3 Nc6 3. f4 g6 4. Nf3 Bg7 5. Bc4 e6 6. d3 Nge7 7. O-O O-O 8. Be3
d5 9. exd5 exd5 10. Bxc5 dxc4 11. dxc4 Be6 12. Qe2 Nd4 13. Qe4 Nxf3+ 14. Rxf3
Qc7 15. Bxe7 Qxe7 16. f5 Qc5+ 17. Kh1 Bxf5 0-1

[Event "XXII Campeonato de España de l"]
[Site "Benidorm (Alicante-España)"]
[Date "2010.11.17"]
[Round "4"]
[White "Rousse Mayol, Ricard"]
[Black "Gutierrez Garcia, Julio"]
[Result "1-0"]
[WhiteElo "1907"]
[BlackElo "1654"]
[PlyCount "45"]
[EventDate "2010.11.14"]
[EventRounds "8"]
[EventCountry "ESP"]

1. Nf3 Nf6 2. d4 g6 3. g3 Bg7 4. c4 d6 5. Nc3 O-O 6. Bg2 Nbd7 7. O-O e5 8. dxe5
dxe5 9. e4 Re8 10. Qc2 Qe7 11. Bg5 a5 12. Nd5 Qc5 13. Be3 Qc6 14. Rad1 Nxd5 15.
exd5 Qf6 16. Bg5 Qa6 17. Rfe1 f6 18. Be3 b6 19. d6 c5 20. Nh4 Ra7 21. Bd5+ Kh8
22. Nxg6+ hxg6 23. Qxg6 1-0

[Event "XXII Campeonato de España de l"]
[Site "Benidorm (Alicante-España)"]
[Date "2010.11.17"]
[Round "4"]
[White "Ariste Justo, Jesus Angel"]
[Black "Redondo Maguregui, Juan Manuel"]
[Result "0-1"]
[WhiteElo "1875"]
[BlackElo "1694"]
[PlyCount "54"]
[EventDate "2010.11.14"]
[EventRounds "8"]
[EventCountry "ESP"]

1. d4 c5 2. d5 d6 3. c4 g6 4. Nc3 Bg7 5. g3 Nf6 6. Bg2 O-O 7. Nf3 Na6 8. O-O
Nc7 9. e4 a6 10. a4 Bd7 11. a5 Rb8 12. Re1 b5 13. axb6 Rxb6 14. e5 Ng4 15. exd6
exd6 16. Nd2 Bd4 17. Rf1 Re8 18. Nf3 Bg7 19. h3 Nf6 20. Ra2 Rb4 21. Nd2 Bf5 22.
Re1 Nd7 23. Ra4 a5 24. Bf1 Rxe1 25. Qxe1 Bxc3 26. Rxa5 Bxb2 27. Bxb2 Rxb2 0-1

[Event "XXII Campeonato de España de l"]
[Site "Benidorm (Alicante-España)"]
[Date "2010.11.17"]
[Round "4"]
[White "Llaneras Henarejos, Miguel"]
[Black "Mejias Gonzalez, Javier"]
[Result "0-1"]
[WhiteElo "1687"]
[BlackElo "1941"]
[PlyCount "58"]
[EventDate "2010.11.14"]
[EventRounds "8"]
[EventCountry "ESP"]

1. d4 d5 2. c4 e5 3. dxe5 d4 4. Nf3 Bb4+ 5. Bd2 Bxd2+ 6. Nbxd2 Bg4 7. g3 Nc6 8.
Bg2 d3 9. Qb3 dxe2 10. Qxb7 Nge7 11. Ng5 Nd4 12. Rc1 Rb8 13. Qe4 Bf5 14. Qf4
Rxb2 15. Bd5 Ne6 16. Bxe6 Bxe6 17. Nxe6 fxe6 18. Kxe2 Ng6 19. Qe3 O-O 20. Rhd1
Qa8 21. Rb1 Rxa2 22. f4 Rd8 23. Kf2 a5 24. Ra1 Rb2 25. Qc3 Qb7 26. Qxa5 Ne7 27.
Qc3 Nf5 28. Kg1 Nd4 29. Re1 Rxd2 0-1

[Event "XXII Campeonato de España de l"]
[Site "Benidorm (Alicante-España)"]
[Date "2010.11.17"]
[Round "4"]
[White "Gimeno Diaz, Fernando"]
[Black "Carrazzoni Roman, Carlos"]
[Result "1-0"]
[WhiteElo "1900"]
[BlackElo "1769"]
[PlyCount "43"]
[EventDate "2010.11.14"]
[EventRounds "8"]
[EventCountry "ESP"]

1. d4 d5 2. Nf3 Nf6 3. c4 e6 4. Nc3 Be7 5. Bg5 O-O 6. e3 h6 7. Bh4 Nc6 8. Rc1
dxc4 9. Bxc4 Na5 10. Bd3 a6 11. O-O b6 12. Qc2 Bb7 13. Bxf6 Bxf6 14. Ne4 Rc8
15. Nxf6+ Qxf6 16. Ne5 Qg5 17. Bh7+ Kh8 18. Be4 c5 19. Bxb7 Nxb7 20. Qa4 cxd4
21. Rxc8 Rxc8 22. Nxf7+ 1-0